[Event "Romanian op"]
[Site "Alba Iulia"]
[Date "2019.11.03"]
[Round "9"]
[White "Pap, Misa"]
[Black "Ashwath, R."]
[Result "1/2-1/2"]
[WhiteElo "2432"]
[BlackElo "2340"]
[PlyCount "99"]
[EventDate "2019.10.28"]
[EventType "swiss"]
[EventRounds "9"]
[EventCountry "ROU"]
[SourceTitle "CBM 192 Extra"]
[Source "Chessbase"]
[SourceDate "2019.11.06"]
[SourceVersion "1"]
[SourceVersionDate "2019.11.06"]
[SourceQuality "1"]

1. e4 e5 2. Nf3 Nc6 3. Bb5 g6 4. c3 a6 5. Bc4 f5 6. d3 Bg7 7. Ng5 Nh6 8. b4 Ne7 9. f4 exf4 10. Bxf4 d5 11. exd5 Nxd5 12. Qe2+ Kf8 13. Bd2 Nf7 14. Nf3 Bf6 15. 0-0 Kg7 16. Re1 b5 17. Bxd5 Qxd5 18. c4 Qd8 19. Nc3 Bb7 20. cxb5 axb5 21. Nxb5 Ba6 22. Nc3 Bxd3 23. Qf2 Ra3 24. Rad1 Bxc3 25. Bxc3+ Rxc3 26. Qb2 Qf6 27. Re6 Qxe6 28. Qxc3+ Qf6 29. Rxd3 Re8 30. Qxf6+ Kxf6 31. Rc3 Ra8 32. a3 Nd6 33. Nd4 Ne4 34. Rc6+ Ke5 35. Nb5 Rd8 36. Nc3 Rd3 37. Nxe4 fxe4 38. Rxc7 Rxa3 39. Rxh7 e3 40. Kf1 Ra2 41. Re7+ Kd4 42. h4 Rf2+ 43. Ke1 Rxg2 44. b5 Rb2 45. Re6 Rxb5 46. Rxg6 Ke4 47. Re6+ Kf3 48. Rf6+ Kg4 49. Ke2 Kxh4 50. Kxe3 1/2-1/2

[Event "Romanian op"]
[Site "Alba Iulia"]
[Date "2019.11.02"]
[Round "8"]
[White "Gheorghiu, Calin"]
[Black "Ashwath, R."]
[Result "0-1"]
[WhiteElo "2315"]
[BlackElo "2340"]
[PlyCount "122"]
[EventDate "2019.10.28"]
[EventType "swiss"]
[EventRounds "9"]
[EventCountry "ROU"]
[SourceTitle "CBM 192 Extra"]
[Source "Chessbase"]
[SourceDate "2019.11.06"]
[SourceVersion "1"]
[SourceVersionDate "2019.11.06"]
[SourceQuality "1"]

1. d4 Nf6 2. c4 e6 3. Nc3 Bb4 4. f3 Nc6 5. a3 Bxc3+ 6. bxc3 b6 7. e4 Ba6 8. Bd3 Na5 9. Nh3 Bxc4 10. 0-0 Bxd3 11. Qxd3 Nb3 12. Ra2 Nxc1 13. Rxc1 d6 14. f4 d5 15. exd5 Qxd5 16. c4 Qe4 17. Qxe4 Nxe4 18. Re2 f5 19. Nf2 Nxf2 20. Kxf2 0-0-0 21. Rd1 Rd6 22. Re5 Rhd8 23. Ke3 c5 24. d5 g6 25. a4 exd5 26. cxd5 Kb7 27. h3 h5 28. g4 hxg4 29. hxg4 fxg4 30. Ke4 R8d7 31. Rd3 Ka6 32. Re6 Ka5 33. Ke5 Rxe6+ 34. Kxe6 Rd8 35. d6 c4 36. Rg3 Kxa4 37. d7 b5 38. Rxg4 b4 39. f5 gxf5 40. Rxc4 a5 41. Rf4 Ka3 42. Rxf5 a4 43. Ke7 Rxd7+ 44. Kxd7 b3 45. Kc6 b2 46. Rf1 Kb4 47. Rf4+ Kc3 48. Rf3+ Kd4 49. Rf4+ Ke5 50. Rxa4 b1Q 51. Rc4 Qb8 52. Rc5+ Ke6 53. Rb5 Qc8+ 54. Kb6 Kd6 55. Ka7 Qc7+ 56. Ka6 Qc4 57. Kb6 Qa4 58. Ra5 Qd4+ 59. Kb5 Qc5+ 60. Ka6 Qc6+ 61. Ka7 Kc7 0-1

[Event "Suwalki Warakomska Memorial op 3rd"]
[Site "Suwalki"]
[Date "2019.08.07"]
[Round "3"]
[White "Ashwath, R."]
[Black "Karthik, Venkataraman"]
[Result "1/2-1/2"]
[WhiteElo "2328"]
[BlackElo "2462"]
[PlyCount "29"]
[EventDate "2019.08.05"]
[EventType "swiss"]
[EventRounds "9"]
[EventCountry "POL"]
[SourceTitle "CBM 191 Extra"]
[Source "ChessBase"]
[SourceDate "2019.09.30"]
[SourceVersion "1"]
[SourceVersionDate "2019.09.30"]
[SourceQuality "1"]

1. d4 Nf6 2. c4 g6 3. g3 Bg7 4. Bg2 d5 5. cxd5 Nxd5 6. Nf3 0-0 7. 0-0 Nc6 8. Nc3 Nxc3 9. bxc3 e5 10. dxe5 Nxe5 11. Nxe5 Bxe5 12. Bh6 Qxd1 13. Rfxd1 Re8 14. Rab1 c6 15. c4 1/2-1/2